| 000 | 00737cam a22002175i 4500 | ||
|---|---|---|---|
| 999 |
_c14373 _d14373 |
||
| 003 | OSt | ||
| 005 | 20260303095319.0 | ||
| 008 | 200828s2020 mau 000 0 eng | ||
| 010 | _a 2020945156 | ||
| 020 |
_a9783035622560 _q(hardback) |
||
| 042 | _apcc | ||
| 082 | _a720.922 | ||
| 245 | 0 | 0 |
_a40 years Valentiny hvp architects :Culture vol- I to V _bstories from the inside / _cIan de Toffoli. |
| 263 | _a1111 | ||
| 300 | _avolumes cm | ||
| 650 | _2Learning and working, volI,Leisure and sports, Living vol-III, vol-IV, From past to present vol-V | ||
| 700 | 1 |
_aToffoli, Ian de, _eeditor. |
|
| 906 |
_a0 _bibc _corignew _d2 _eepcn _f20 _gy-gencatlg |
||
| 942 | _2ddc | ||